书目信息 |
| 题名: |
丹铅总录校证
|
|
| 作者: | 杨慎 撰 ;丰家骅 校证 | |
| 分册: | 中 | |
| 出版信息: | 北京 中华书局 2019 |
|
| 页数: | 397-874页 | |
| 开本: | 21cm | |
| 丛书名: | 学术笔记丛刊 | |
| 单 册: | ||
| 中图分类: | K248.066 | |
| 科图分类: | ||
| 主题词: | 笔记--bi ji--中国--明代 | |
| 电子资源: | ||
| ISBN: | 978-7-101-13939-6 | |
| 000 | 01288oam2 2200265 450 | |
| 001 | 011029202430 | |
| 005 | 20211031095205.47 | |
| 010 | @a978-7-101-13939-6@dCNY49.00(全3册148.00) | |
| 100 | @a20191120d2019 em y0chiy0120 ea | |
| 101 | 0 | @achi |
| 102 | @aCN@b110000 | |
| 105 | @aa z 000yy | |
| 106 | @ar | |
| 200 | 1 | @a丹铅总录校证@Adan qian zong lu jiao zheng@h中@f(明)杨慎撰@g丰家骅校证 |
| 210 | @a北京@c中华书局@d2019 | |
| 215 | @a397-874页@c图@d21cm | |
| 225 | 2 | @a学术笔记丛刊@Axue shu bi ji cong kan |
| 330 | @a本书二十七卷,明杨慎撰,丰家骅校证。杨慎历年读书之笔记《丹铅余录》、《丹铅续录》、《丹铅摘录》先后刊为书,后杨慎乃尽出其《丹铅三录》、《四录》、《别录》、《附录》、《闰录》授其门人梁佐。梁佐因“删同校异,析之以类”,裒合诸录为一编,名之曰《丹铅总录》,凡二十七卷,分天文、地理、时序、花木、鸟兽、宫室、冠服、物用、人事、史籍、订讹等二十六类。琐语类外,凡一千五百条,刻之于福建上杭。《丹铅》诸录相继刊行,时人以其学识之广博,见解之新颖,望而骇叹。《总录》刊行后,索书者“日翰盈几”,争相一读升庵之书。 | |
| 461 | 0 | @12001 @a学术笔记丛刊 |
| 606 | 0 | @a笔记@Abi ji@y中国@z明代 |
| 690 | @aK248.066@v5 | |
| 701 | 0 | @c(明)@a杨慎@Ayang shen@4撰 |
| 702 | 0 | @a丰家骅@Afeng jia hua@4校证 |
| 801 | 0 | @aCN@b百万庄@c20211029 |
| 905 | @b1312682-84@dK248.066@e167:2@f3 | |
| 丹铅总录校证.中/(明)杨慎撰/丰家骅校证.-北京:中华书局,2019 |
| 397-874页:图;21cm.-(学术笔记丛刊) |
| ISBN 978-7-101-13939-6:CNY49.00(全3册148.00) |
| 本书二十七卷,明杨慎撰,丰家骅校证。杨慎历年读书之笔记《丹铅余录》、《丹铅续录》、《丹铅摘录》先后刊为书,后杨慎乃尽出其《丹铅三录》、《四录》、《别录》、《附录》、《闰录》授其门人梁佐。梁佐因“删同校异,析之以类”,裒合诸录为一编,名之曰《丹铅总录》,凡二十七卷,分天文、地理、时序、花木、鸟兽、宫室、冠服、物用、人事、史籍、订讹等二十六类。琐语类外,凡一千五百条,刻之于福建上杭。《丹铅》诸录相继刊行,时人以其学识之广博,见解之新颖,望而骇叹。《总录》刊行后,索书者“日翰盈几”,争相一读升庵之书。 |
| ● |
| 相关链接 |
|
|
|
|
正题名:丹铅总录校证
索取号:K248.066/167:2
 
预约/预借
| 序号 | 登录号 | 条形码 | 馆藏地/架位号 | 状态 | 备注 |
| 1 | 1312682 | 213126829 | 第二样本阅览室/ [索取号:K248.066/167:2] | 在馆 | |
| 2 | 1312683 | 213126838 | 第二借阅区/ [索取号:K248.066/167:2] | 在馆 | |
| 3 | 1312684 | 213126847 | 第二借阅区/ [索取号:K248.066/167:2] | 在馆 |